Numbers In Songs - Statistics

General Stats
  • This quiz has been taken 66 times
  • The average score is 9 of 18
Answer Stats
Hint Answer % Correct
Summer of __ (Bryan Adams) 69
95%
_ to _ (Dolly Parton) 9 5
93%
Party like it's ____ 1999
88%
Will you still love me when I'm __ 64
80%
Land of ____ Dances (Wilson Pickett) 1000
77%
__ Karat Magic (Bruno Mars) 24
63%
I can't drive __ (Sammy Hagar) 55
63%
__ trombones led the big parade. (The Music Man) 76
63%
December ____ (Oh, What A Night) 1963
55%
I'm __ (Alice Cooper) 18
50%
You're gonna cry __ tears. (? and the Mysterians) 96
48%
Jenny's number, according to Tommy Tutone. 867-5309
45%
__ or _ to _ (Chicago) 25 6 4
34%
Funk #__ (James Gang) 49
27%
Rush epic about the rediscovery of music 2112
20%
____ (David Bowie) 1984
16%
Rainy Day Women #__&__ (Bob Dylan) 12 35
7%
Beechwood _-____ (The Marvelettes) 45789
7%
No matching quizzes found
Score Distribution
Percent of People with Each Score
Percentile by Number Answered
Your Score History
You have not taken this quiz